人口密度の高い市区町村TOP100 - Statistics

General Stats
  • This quiz has been taken 3,598 times
  • The average score is 65 of 100
Answer Stats
順位 都道府県 人口密度(km^2) % Correct
8 東京都 19175.9 新宿区
95%
24 東京都 12787.7 港区
94%
25 大阪府 12215.6 大阪市
93%
14 東京都 16256.1 世田谷区
92%
15 東京都 16140.5 渋谷区
92%
84 東京都 5718.7 千代田区
92%
12 東京都 17235 北区
91%
18 東京都 13986.6 江戸川区
91%
9 東京都 18497.7 品川区
90%
13 東京都 16569.9 中央区
90%
27 東京都 12093.1 大田区
90%
26 東京都 12196.1 江東区
89%
1 東京都 23182.1 豊島区
88%
16 東京都 15653.2 練馬区
88%
34 神奈川県 10756.3 川崎市
88%
49 神奈川県 8630.1 横浜市
88%
7 東京都 19637.9 目黒区
86%
22 東京都 13052.5 足立区
86%
23 東京都 13019.9 葛飾区
86%
2 東京都 22121.9 中野区
85%
4 東京都 21263.9 文京区
85%
11 東京都 17354.9 杉並区
85%
5 東京都 20914.3 台東区
84%
10 東京都 18140.4 板橋区
84%
17 埼玉県 14536.8 蕨市
83%
80 埼玉県 6089.4 さいたま市
83%
3 東京都 21405 荒川区
82%
6 東京都 19759.3 墨田区
82%
39 埼玉県 9592.8 川口市
82%
89 大阪府 5514 堺市
82%
59 沖縄県 7668.4 那覇市
81%
63 千葉県 7508.8 船橋市
80%
61 東京都 7536.2 立川市
78%
53 大阪府 7995.1 東大阪市
77%
21 東京都 13167.5 西東京市
76%
48 千葉県 8645.4 市川市
76%
42 兵庫県 9061.4 尼崎市
75%
28 東京都 11899.6 三鷹市
74%
52 千葉県 8117.2 松戸市
74%
19 東京都 13674.8 武蔵野市
73%
31 東京都 11242.5 調布市
73%
68 愛知県 7143 名古屋市
73%
81 東京都 6024.9 町田市
73%
29 東京都 11277.7 国分寺市
72%
36 千葉県 9905.3 浦安市
72%
45 東京都 8929.3 府中市
72%
35 大阪府 10683.5 吹田市
71%
40 東京都 9463.8 国立市
70%
20 東京都 13266.4 狛江市
69%
76 神奈川県 6281 藤沢市
68%
85 埼玉県 5671 越谷市
67%
33 大阪府 11034.8 豊中市
65%
46 東京都 8857.4 東村山市
64%
70 東京都 6994.3 多摩市
62%
47 神奈川県 8828.7 大和市
61%
50 千葉県 8402.3 習志野市
60%
79 大阪府 6100.9 枚方市
60%
78 兵庫県 6143.3 明石市
59%
32 東京都 11157 小金井市
57%
43 埼玉県 9042.4 草加市
57%
97 兵庫県 5085.1 芦屋市
57%
44 東京都 8949.6 東久留米市
56%
60 埼玉県 7607.7 和光市
56%
64 東京都 7449.5 清瀬市
56%
38 東京都 9689.9 小平市
55%
96 神奈川県 5134.1 海老名市
55%
41 大阪府 9300.9 寝屋川市
54%
71 東京都 6912.3 日野市
53%
72 神奈川県 6789.6 茅ヶ崎市
52%
94 東京都 5183.7 稲城市
52%
37 大阪府 9736.9 門真市
50%
57 埼玉県 7746 戸田市
50%
58 埼玉県 7692.6 朝霞市
50%
75 大阪府 6343.3 八尾市
50%
30 大阪府 11258.5 守口市
49%
54 兵庫県 7925.5 伊丹市
49%
73 東京都 6571.5 昭島市
47%
86 神奈川県 5658.2 流山市
47%
88 東京都 5552.6 福生市
47%
99 埼玉県 4986.6 上尾市
46%
66 埼玉県 7287.8 新座市
45%
77 東京都 6251.9 東大和市
45%
56 埼玉県 7759.4 ふじみ野市
44%
83 大阪府 5881.4 摂津市
44%
87 埼玉県 5658 富士見市
42%
95 埼玉県 5181.1 八潮市
42%
51 埼玉県 8325.5 志木市
41%
62 神奈川県 7531.3 座間市
41%
82 沖縄県 5932.8 浦添市
40%
65 京都府 7365.2 向日市
39%
90 東京都 5487.5 羽村市
39%
55 福岡県 7846.1 春日市
38%
74 大阪府 6533.5 大東市
38%
69 大阪府 7061.3 松原市
36%
98 沖縄県 5056.8 宜野湾市
36%
67 大阪府 7164 藤井寺市
33%
93 大阪府 5192.7 泉大津市
33%
100 大阪府 4923.5 高石市
31%
92 千葉県 5215 鎌ケ谷市
27%
91 福岡県 5336.8 志免町
21%
No matching quizzes found
Score Distribution
Percent of People with Each Score
Percentile by Number Answered
Your Score History
You have not taken this quiz